| 000 -LEADER |
| fixed length control field |
01079nam a22003617a 4500 |
| 001 - CONTROL NUMBER |
| control field |
20512456 |
| 003 - CONTROL NUMBER IDENTIFIER |
| control field |
LIBRIS |
| 005 - DATE AND TIME OF LATEST TRANSACTION |
| control field |
20241110204334.0 |
| 008 - FIXED-LENGTH DATA ELEMENTS--GENERAL INFORMATION |
| fixed length control field |
170411s2018 xxua||||||||||001 0deng|c |
| 020 ## - INTERNATIONAL STANDARD BOOK NUMBER |
| International Standard Book Number |
9780323353175 |
| 040 ## - CATALOGING SOURCE |
| Original cataloging agency |
Lbmc |
| Description conventions |
a |
| Transcribing agency |
eng |
| 041 ## - LANGUAGE CODE |
| Language code of text/sound track or separate title |
eng |
| 080 ## - UNIVERSAL DECIMAL CLASSIFICATION NUMBER |
| Universal Decimal Classification number |
616 |
| Item number |
R-66 |
| 082 04 - DEWEY DECIMAL CLASSIFICATION NUMBER |
| Classification number |
616.07 |
| Edition number |
23 |
| 084 ## - OTHER CLASSIFICATION NUMBER |
| Classification number |
Veac |
| Number source |
kssb/8 |
| 245 10 - TITLE STATEMENT |
| Title |
Robbins basic pathology / |
| Statement of responsibility, etc. |
[edited by] Vinay Kumar, Abul K. Abbas, Jon C. Aster. |
| 246 1# - VARYING FORM OF TITLE |
| Title proper/short title |
Basic pathology |
| 250 ## - EDITION STATEMENT |
| Edition statement |
10. ed. |
| 260 ## - PUBLICATION, DISTRIBUTION, ETC. |
| Place of publication, distribution, etc. |
Philadelphia, PA : |
| Name of publisher, distributor, etc. |
Elsevier Science Health Science, |
| Date of publication, distribution, etc. |
2018. |
| 300 ## - PHYSICAL DESCRIPTION |
| Extent |
xiv, 935 s. |
| Other physical details |
ill. |
| 365 ## - TRADE PRICE |
| Price amount |
81.52 usd |
| 504 ## - BIBLIOGRAPHY, ETC. NOTE |
| Bibliography, etc. note |
Includes bibliographical references and index. |
| 650 12 - SUBJECT ADDED ENTRY--TOPICAL TERM |
| Topical term or geographic name entry element |
Pathologic Processes |
| 650 #0 - SUBJECT ADDED ENTRY--TOPICAL TERM |
| Topical term or geographic name entry element |
Pathology |
| 653 ## - INDEX TERM--UNCONTROLLED |
| Uncontrolled term |
პათოლოგია |
| 700 1# - ADDED ENTRY--PERSONAL NAME |
| Personal name |
Kumar, Vinay, |
| Dates associated with a name |
1944- |
| Relationship |
edt |
| 700 1# - ADDED ENTRY--PERSONAL NAME |
| Personal name |
Abbas, Abul K. |
| Relationship |
edt |
| 700 1# - ADDED ENTRY--PERSONAL NAME |
| Personal name |
Aster, Jon C. |
| Relationship |
edt |
| 700 1# - ADDED ENTRY--PERSONAL NAME |
| Personal name |
Robbins, Stanley L. |
| Fuller form of name |
(Stanley Leonard), |
| Dates associated with a name |
1915-2003. |
| Relationship |
edt |
| 942 ## - ADDED ENTRY ELEMENTS (KOHA) |
| Source of classification or shelving scheme |
|
| Koha item type |
Books |